Normal view
MARC view
Entry Personal Name
001 - CONTROL NUMBER
- control field: 10659
003 - CONTROL NUMBER IDENTIFIER
- control field: BD-RjUL
005 - DATE AND TIME OF LATEST TRANSACTION
- control field: 20231223115050.0
008 - FIXED-LENGTH DATA ELEMENTS
- fixed length control field: 231223|| aca||aabn | a|a d
040 ## - CATALOGING SOURCE
- Original cataloging agency: BD-RjUL
- Transcribing agency: BD-RjUL
100 ## - HEADING--PERSONAL NAME
- Personal name: گرامی٫ غلام قادر ;; Grammi, Ghulam Qadir
670 ## - SOURCE DATA FOUND
- Source citation: Work cat.: (BD-RjUL)82524: گرامی٫ غلام قادر ;; Grammi, Ghulam Qadir, دیوان گرامی ;; Dewan i Grammy /, 1938